| 000 | 00548nam a2200193Ia 4500 | ||
|---|---|---|---|
| 003 | LK-CoDNM | ||
| 005 | 20240202121919.0 | ||
| 008 | 010623t1946 xxu||||| |||| 00| 1 sin d | ||
| 040 |
_aLK-CoDNM _dLK-CoDNM _eLK-CoDNM |
||
| 041 | _asin | ||
| 080 |
_a104 _bO 28 |
||
| 100 | _aBuddhadatta thero,Polwatte Sri | ||
| 245 | _aභාරතීය බෞද්ධාචාර්යයෝ | ||
| 246 | _aBhaaratiiya Bauddhaachaaryayoo | ||
| 260 |
_bK.M.Rathnasiri _aAmbalamgoda _c1946 |
||
| 300 | _bXII,236p., 20 cm | ||
| 650 | _aBuddhism | ||
| 942 | _cBK | ||
| 999 |
_c100884 _d100884 |
||